Normal view
MARC view
Entry Topical Term
001 - CONTROL NUMBER
- control field: 21749
003 - CONTROL NUMBER IDENTIFIER
- control field: OSt
005 - DATE AND TIME OF LATEST TRANSACTION
- control field: 20210208121437.0
008 - FIXED-LENGTH DATA ELEMENTS
- fixed length control field: 210208|| aca||aabn | a|a d
040 ## - CATALOGING SOURCE
- Original cataloging agency: OSt
- Transcribing agency: OSt
150 ## - HEADING--TOPICAL TERM
- Topical term or geographic name entry element: Dispute, Resolution, Insolvency, ODR, ADR, SME, Covid-19, EWT
670 ## - SOURCE DATA FOUND
- Source citation: Work cat.: (OSt): Menezes, A. Mocheva, N. and Shankar, S.S. 21748, ‘Under pressure’: Integrating online dispute resolution platforms into preinsolvency processes and early warning tools to save distressed small businesses
